[Event "Paul Keres mem (32nd)"]
[Site "Vancouver CAN"]
[Date "2007.05.21"]
[Round "6.17"]
[White "Han, Yiming"]
[Black "Huang, Richard"]
[Result "1-0"]
[WhiteElo "1777"]
[BlackElo "1995"]
[PlyCount "61"]
[GameId "2160767910676187"]
[EventDate "2007.05.18"]
[EventType "swiss"]
[EventRounds "7"]
[EventCountry "CAN"]

1. e4 c5 2. Nf3 e6 3. d4 cxd4 4. Nxd4 Nc6 5. Nc3 a6 6. Be3 Qc7 7. Qd2 Nf6 8. f3 Be7 9. O-O-O O-O 10. g4 d6 11. h4 Nxd4 12. Bxd4 e5 13. Be3 Be6 14. h5 Rac8 15. g5 Ne8 16. g6 fxg6 17. hxg6 hxg6 18. Bh3 Bxh3 19. Qd5+ Rf7 20. Rxh3 Nf6 21. Rdh1 Kf8 22. Qe6 Qc4 23. Rh8+ Ng8 24. Qxg6 Rxf3 25. Qg2 Rf7 26. Qh3 Rf6 27. Bg5 Rf2 28. Bxe7+ Kxe7 29. Nd5+ Kf8 30. Rxg8+ Kxg8 31. Qe6+ 1-0

[Event "Paul Keres mem (32nd)"]
[Site "Vancouver CAN"]
[Date "2007.05.21"]
[Round "6.18"]
[White "Wilson Tagoe, George"]
[Black "Lane, Travis"]
[Result "0-1"]
[WhiteElo "1751"]
[BlackElo "2061"]
[PlyCount "94"]
[GameId "2160767910676188"]
[EventDate "2007.05.18"]
[EventType "swiss"]
[EventRounds "7"]
[EventCountry "CAN"]

1. e4 c5 2. d4 cxd4 3. c3 dxc3 4. Nxc3 d6 5. Bc4 a6 6. a4 Nc6 7. Be3 Nf6 8. f3 Bd7 9. Nge2 Rc8 10. Qb3 e6 11. Qd1 Ne5 12. Ba2 Be7 13. O-O O-O 14. Rc1 Nc4 15. Bxc4 Rxc4 16. Qb3 Qc8 17. Rfd1 Re8 18. g4 Bf8 19. h4 Qc6 20. Nd4 Qc7 21. Qa2 Rc8 22. Qb1 d5 23. Kg2 Bb4 24. Na2 Qa5 25. e5 Ne8 26. b3 Rxc1 27. Rxc1 Rxc1 28. Qxc1 Be7 29. h5 b5 30. Bd2 Qb6 31. Be3 Qb8 32. Nc6 Bxc6 33. Qxc6 bxa4 34. Qxa4 Qb5 35. Qxb5 axb5 36. Kf2 Nc7 37. Bd4 Na6 38. Ke3 Nb4 39. Nxb4 Bxb4 40. Kd3 Kf8 41. Bc3 Be7 42. b4 f6 43. f4 Kf7 44. Bd2 g5 45. fxg5 fxg5 46. Ke2 d4 47. Kd1 d3 0-1

[Event "Paul Keres mem (32nd)"]
[Site "Vancouver CAN"]
[Date "2007.05.21"]
[Round "7"]
[White "Berry, Jonathan"]
[Black "Yoos, John"]
[Result "1/2-1/2"]
[WhiteElo "2255"]
[BlackElo "2367"]
[PlyCount "79"]
[GameId "2160767910676189"]
[EventDate "2007.05.18"]
[EventType "swiss"]
[EventRounds "7"]
[EventCountry "CAN"]
[SourceTitle "EXT 2008"]
[Source "ChessBase"]
[SourceDate "2007.11.25"]
[SourceVersion "1"]
[SourceVersionDate "2007.11.25"]
[SourceQuality "1"]

1. e4 c5 2. Nf3 d6 3. Bb5+ Nd7 4. c4 Ngf6 5. Nc3 e6 6. O-O Be7 7. d4 cxd4 8. Qxd4 O-O 9. Ba4 a6 10. Qd1 Qc7 11. Bg5 h6 12. Bh4 Ne5 13. Rc1 Nxf3+ 14. gxf3 g5 15. Bg3 e5 16. Qd3 Be6 17. Nd5 Bxd5 18. exd5 Rfd8 19. Bc2 Rac8 20. h4 Qd7 21. Kg2 Kg7 22. b4 Rh8 23. Qf5 Rxc4 24. hxg5 Qxf5 25. Bxf5 Rxc1 26. gxf6+ Kxf6 27. Rxc1 Kxf5 28. Rc7 Re8 29. Rxb7 h5 30. Ra7 h4 31. Bh2 f6 32. Rxa6 Rc8 33. Ra7 Bf8 34. a3 Bh6 35. Ra6 Bc1 36. Kh3 Rc5 37. Ra5 Rc7 38. Ra6 Rc5 39. Ra5 Rc7 40. Ra6 1/2-1/2

[Event "Paul Keres mem (32nd)"]
[Site "Vancouver CAN"]
[Date "2007.05.21"]
[Round "7"]
[White "Davies, Lucas"]
[Black "MacKay, Ian"]
[Result "0-1"]
[WhiteElo "2176"]
[BlackElo "2325"]
[PlyCount "80"]
[GameId "2160767910676190"]
[EventDate "2007.05.18"]
[EventType "swiss"]
[EventRounds "7"]
[EventCountry "CAN"]
[SourceTitle "EXT 2008"]
[Source "ChessBase"]
[SourceDate "2007.11.25"]
[SourceVersion "1"]
[SourceVersionDate "2007.11.25"]
[SourceQuality "1"]

1. e4 c5 2. Nf3 Nc6 3. d4 cxd4 4. Nxd4 e6 5. Nc3 a6 6. Be3 Nf6 7. Be2 Qc7 8. O-O Be7 9. f4 d6 10. a4 Bd7 11. Nb3 Rc8 12. Bf3 Nb4 13. a5 Bc6 14. Qe2 O-O 15. Kh1 Qb8 16. Rad1 d5 17. e5 Ne4 18. Bxe4 dxe4 19. Bc5 Bxc5 20. Nxc5 e3 21. Nd7 Bxd7 22. Rxd7 Rcd8 23. Rxd8 Qxd8 24. Qxe3 Qxa5 25. Qe4 Nc6 26. Rd1 Rd8 27. Rxd8+ Qxd8 28. Qe3 Qd4 29. Qc1 g5 30. g3 b5 31. Kg2 b4 32. Ne2 Qd5+ 33. Kf2 g4 34. Qe3 a5 35. Qb6 a4 36. Qa6 Qc5+ 37. Kf1 Qxc2 38. Ke1 Kg7 39. Qa8 a3 40. bxa3 b3 0-1

[Event "Paul Keres mem (32nd)"]
[Site "Vancouver CAN"]
[Date "2007.05.21"]
[Round "7.5"]
[White "Jiganchine, Roman"]
[Black "Wu, Howard"]
[Result "1/2-1/2"]
[WhiteElo "2236"]
[BlackElo "2225"]
[PlyCount "58"]
[GameId "2160767910676192"]
[EventDate "2007.05.18"]
[EventType "swiss"]
[EventRounds "7"]
[EventCountry "CAN"]

1. e4 c5 2. Nf3 Nc6 3. d4 cxd4 4. Nxd4 Nf6 5. Nc3 d6 6. g3 g6 7. Bg2 Nxd4 8. Qxd4 Bg7 9. O-O O-O 10. Qd1 Bg4 11. f3 Be6 12. Be3 b5 13. Bd4 b4 14. Nd5 Nxd5 15. exd5 Bxd4+ 16. Qxd4 Bf5 17. Rf2 Rc8 18. Qxb4 Bxc2 19. Re1 Bf5 20. Rfe2 Re8 21. Qd4 Qa5 22. b4 Qc7 23. Bf1 e5 24. dxe6 fxe6 25. Rd2 Rcd8 26. Bc4 d5 27. Bb3 g5 28. Rde2 Kf7 29. Kg2 Qb6 1/2-1/2

[Event "Paul Keres mem (32nd)"]
[Site "Vancouver CAN"]
[Date "2007.05.21"]
[Round "7.7"]
[White "Scoones, Dan"]
[Black "Gornall, Kirk"]
[Result "1/2-1/2"]
[WhiteElo "2281"]
[BlackElo "2037"]
[PlyCount "66"]
[GameId "2160767910676193"]
[EventDate "2007.05.18"]
[EventType "swiss"]
[EventRounds "7"]
[EventCountry "CAN"]

1. Nf3 g6 2. d4 Bg7 3. c4 d6 4. Nc3 Nf6 5. e4 O-O 6. Be2 Bg4 7. Be3 Nc6 8. d5 Bxf3 9. Bxf3 Ne5 10. Be2 c6 11. O-O Qa5 12. a3 cxd5 13. cxd5 Rfc8 14. f3 Nc4 15. Bxc4 Rxc4 16. Qb3 Rc7 17. Nb5 Rcc8 18. Rac1 Nd7 19. Nd4 Qa6 20. Rc3 Rc5 21. Rfc1 Rac8 22. R1c2 R8c7 23. Rc1 Rxc3 24. Rxc3 Qa5 25. Qb4 Qxb4 26. axb4 Rxc3 27. bxc3 Bxd4 28. Bxd4 a6 29. Kf2 Kf8 30. Ke2 Ke8 31. c4 b6 32. Bc3 Kd8 33. Kd3 Kc7 1/2-1/2

[Event "Paul Keres mem (32nd)"]
[Site "Vancouver CAN"]
[Date "2007.05.21"]
[Round "7.12"]
[White "Trochtchanovitch, Pavel"]
[Black "Erichsen, Dan"]
[Result "1/2-1/2"]
[WhiteElo "1986"]
[BlackElo "2033"]
[PlyCount "136"]
[GameId "2160767910676194"]
[EventDate "2007.05.18"]
[EventType "swiss"]
[EventRounds "7"]
[EventCountry "CAN"]

1. e4 g6 2. d4 Bg7 3. Nf3 d6 4. Be2 Nf6 5. Nc3 O-O 6. O-O Bg4 7. h3 Bxf3 8. Bxf3 Nc6 9. Be3 e5 10. dxe5 dxe5 11. Bc5 Re8 12. Nd5 Nxd5 13. Qxd5 Qxd5 14. exd5 Nd4 15. Bd1 b6 16. Bb4 a5 17. Bd2 Rad8 18. c3 Nf5 19. Ba4 Re7 20. Bc6 Bh6 21. Bxh6 Nxh6 22. Rab1 Nf5 23. b4 axb4 24. Rxb4 Nd6 25. a4 Nc8 26. c4 Na7 27. Bb7 Rb8 28. Ba6 Ra8 29. d6 cxd6 30. Rxb6 Rc7 31. Rxd6 Rb8 32. Bb5 Nxb5 33. cxb5 Ra7 34. Rd5 Rxa4 35. Rb1 e4 36. b6 Rb7 37. Rc5 Ra6 38. Rc6 Kf8 39. Rb4 f5 40. Rb5 Ke7 41. Re5+ Kf7 42. Ree6 Ra3 43. Kh2 Rb3 44. Rf6+ Kg7 45. h4 e3 46. fxe3 Rxe3 47. h5 gxh5 48. Rxf5 Rb3 49. Rg5+ Kf8 50. Rxh5 R3xb6 51. Rxb6 Rxb6 52. Rxh7 Kg8 53. Ra7 Rb3 54. g3 Rb1 55. g4 Rb3 56. Kg2 Rc3 57. Kf2 Rb3 58. Re7 Ra3 59. Re3 Rxe3 60. Kxe3 Kg7 61. Ke4 Kg6 62. Kf4 Kf6 63. g5+ Kg6 64. Kg4 Kg7 65. Kh5 Kh7 66. g6+ Kg7 67. Kg5 Kg8 68. Kf6 Kf8 1/2-1/2

[Event "Paul Keres mem (32nd)"]
[Site "Vancouver CAN"]
[Date "2007.05.21"]
[Round "7.17"]
[White "Niksic, John"]
[Black "Huang, Richard"]
[Result "1/2-1/2"]
[WhiteElo "2010"]
[BlackElo "1995"]
[PlyCount "61"]
[GameId "2160767910676195"]
[EventDate "2007.05.18"]
[EventType "swiss"]
[EventRounds "7"]
[EventCountry "CAN"]

1. d4 d5 2. Nf3 Nf6 3. c4 c6 4. Nc3 e6 5. g3 Nbd7 6. Bg2 Bd6 7. O-O O-O 8. e4 dxe4 9. Ng5 e5 10. Ngxe4 Be7 11. d5 cxd5 12. cxd5 Nxe4 13. Nxe4 f5 14. d6 Bf6 15. Nc3 e4 16. f3 exf3 17. Bxf3 Ne5 18. Bg2 Qb6+ 19. Kh1 Rd8 20. Qd5+ Kh8 21. Bf4 Rxd6 22. Qb5 Bd7 23. Qe2 Re8 24. Nd5 Rxd5 25. Bxd5 Bb5 26. Qe3 Bxf1 27. Qxb6 axb6 28. Rxf1 Nc6 29. Bc7 Bd8 30. Bxc6 bxc6 31. Bxb6 1/2-1/2

[Event "Paul Keres mem (32nd)"]
[Site "Vancouver CAN"]
[Date "2007.05.21"]
[Round "7.18"]
[White "Machado, Gilmar Dias"]
[Black "Wilson Tagoe, George"]
[Result "1-0"]
[WhiteElo "1997"]
[BlackElo "1751"]
[PlyCount "69"]
[GameId "2160767910676196"]
[EventDate "2007.05.18"]
[EventType "swiss"]
[EventRounds "7"]
[EventCountry "CAN"]

1. e4 e5 2. Nf3 Nc6 3. d4 exd4 4. Bc4 d6 5. Nxd4 Nxd4 6. Qxd4 Nf6 7. Nc3 Be7 8. O-O O-O 9. Nd5 Nxd5 10. exd5 Re8 11. Bd3 Bf6 12. Qb4 b6 13. Be3 Bb7 14. c4 g6 15. Qd2 Bg7 16. Bg5 Qd7 17. h3 c5 18. Rae1 Rxe1 19. Rxe1 Re8 20. b3 Rxe1+ 21. Qxe1 h6 22. Bf4 Kh7 23. Qe3 Bf8 24. Qg3 Qe7 25. f3 Qf6 26. Kh2 Bc8 27. h4 h5 28. Be4 Bd7 29. a3 a6 30. a4 a5 31. Bg5 Qc3 32. f4 Qxg3+ 33. Kxg3 Bg4 34. Bc2 Bg7 35. Be7 1-0

[Event "Paul Keres mem (32nd)"]
[Site "Vancouver CAN"]
[Date "2007.05.21"]
[Round "7.19"]
[White "Krzyzowski, Ernest"]
[Black "Han, Yifei"]
[Result "1/2-1/2"]
[WhiteElo "1797"]
[BlackElo "1731"]
[PlyCount "134"]
[GameId "2160767910676197"]
[EventDate "2007.05.18"]
[EventType "swiss"]
[EventRounds "7"]
[EventCountry "CAN"]

1. c4 e5 2. Nc3 Nf6 3. Nf3 Nc6 4. e4 d6 5. h3 Be7 6. d3 O-O 7. Be3 Be6 8. Qd2 b6 9. Be2 Na5 10. b4 Nb7 11. d4 exd4 12. Nxd4 c5 13. Nxe6 fxe6 14. a3 a6 15. O-O Qc7 16. Rfd1 Rad8 17. Qc2 Rf7 18. Rd2 Bf8 19. Rad1 Rfd7 20. g4 g6 21. g5 Ne8 22. Bg4 Ng7 23. Ne2 Be7 24. Nf4 Kf7 25. h4 a5 26. b5 Rh8 27. Ng2 Rdd8 28. f4 Qc8 29. a4 Rhf8 30. Bf2 Kg8 31. Bg3 Qd7 32. Ne3 Rf7 33. Nd5 Rdf8 34. Qc3 Qd8 35. Ne3 Qc7 36. Rd3 Qb8 37. R1d2 Bd8 38. f5 gxf5 39. exf5 exf5 40. Rxd6 Bc7 41. Nxf5 Nxf5 42. Bxf5 Rxf5 43. Rd7 Be5 44. Bxe5 Rxe5 45. R2d5 Rfe8 46. Rxe5 Rxe5 47. Rxb7 Rxg5+ 48. hxg5 Qxb7 49. Qf6 Qc7 50. Kg2 Qb7+ 51. Qc6 Qb8 52. Kh3 Qd8 53. Qe6+ Kg7 54. Kh4 Qd4+ 55. Kh5 Qd1+ 56. Kh4 Qd4+ 57. Kg3 Qg1+ 58. Kf4 Qf2+ 59. Ke5 Qd4+ 60. Kf5 Qf2+ 61. Ke4 Qd4+ 62. Kf5 Qf2+ 63. Kg4 Qg2+ 64. Kf4 Qb2 65. Qg4 Qh2+ 66. Kf5 Qf2+ 67. Ke4 Qd4+ 1/2-1/2

[Event "Pere Noel"]
[Site "Montreal CAN"]
[Date "2007.12.26"]
[Round "1"]
[White "Gunapalan, David"]
[Black "Ye, Ling Feng"]
[Result "1/2-1/2"]
[WhiteElo "1918"]
[BlackElo "2251"]
[PlyCount "52"]
[GameId "2160767910557675"]
[EventDate "2007.12.27"]
[EventType "swiss"]
[EventRounds "5"]
[EventCountry "CAN"]
[SourceTitle "EXT 2022"]
[Source "ChessBase"]
[SourceDate "2021.10.06"]
[SourceVersion "1"]
[SourceVersionDate "2021.10.06"]
[SourceQuality "1"]

1. e4 c5 2. c3 Nf6 3. d3 Nc6 4. f4 d6 5. Nf3 g6 6. Be2 Bg7 7. O-O O-O 8. Qe1 e5 9. fxe5 dxe5 10. Bg5 c4 11. dxc4 Qb6+ 12. c5 Qxc5+ 13. Kh1 Nxe4 14. Nbd2 Nxg5 15. Nxg5 Qe7 16. Qg3 h6 17. Nxf7 Bf5 18. Rxf5 Kh7 19. Rf2 Rxf7 20. Rxf7 Qxf7 21. Rf1 Qxa2 22. Bd3 Ne7 23. Qh4 Qe6 24. Ne4 Qd7 25. Ng5+ Kh8 26. Nf7+ Kh7 1/2-1/2

[Event "Pere Noel"]
[Site "Montreal CAN"]
[Date "2007.12.26"]
[Round "1"]
[White "Larochelle, Martial"]
[Black "Tremblay, Sigfrid"]
[Result "1/2-1/2"]
[WhiteElo "2242"]
[BlackElo "1886"]
[PlyCount "83"]
[GameId "2160767910557676"]
[EventDate "2007.12.27"]
[EventType "swiss"]
[EventRounds "5"]
[EventCountry "CAN"]
[SourceTitle "EXT 2022"]
[Source "ChessBase"]
[SourceDate "2021.10.06"]
[SourceVersion "1"]
[SourceVersionDate "2021.10.06"]
[SourceQuality "1"]

1. Nf3 f5 2. d3 Nf6 3. e4 fxe4 4. dxe4 Nxe4 5. Bd3 Nf6 6. Ng5 d5 7. Nxh7 Qd6 8. Bg6+ Kd7 9. Nxf8+ Rxf8 10. Nc3 Kc6 11. Qd3 b6 12. Be3 Ba6 13. Qd4 Kb7 14. O-O-O e5 15. Qa4 d4 16. f4 c5 17. Ne4 Qc6 18. Qxc6+ Nxc6 19. fxe5 Nxe4 20. Bxe4 Kc7 21. Bd2 Rae8 22. Be1 Nxe5 23. Bg3 Kd7 24. Rhe1 Ng4 25. Rd2 Ne3 26. Bf3 Kc8 27. b3 Bb7 28. Bxb7+ Kxb7 29. Rde2 Re6 30. Bf2 Rfe8 31. Bxe3 dxe3 32. Kb2 g5 33. h3 b5 34. Rf1 Kc6 35. Rf3 a5 36. a3 b4 37. Rg3 Re5 38. c3 R8e7 39. axb4 axb4 40. cxb4 cxb4 41. Rg4 Kb5 42. Rg3 1/2-1/2

[Event "Pere Noel"]
[Site "Montreal CAN"]
[Date "2007.12.26"]
[Round "1"]
[White "Leveille, Francois"]
[Black "Petit, Raymond"]
[Result "1-0"]
[WhiteElo "2322"]
[BlackElo "1947"]
[PlyCount "71"]
[GameId "2160767910557677"]
[EventDate "2007.12.27"]
[EventType "swiss"]
[EventRounds "5"]
[EventCountry "CAN"]
[SourceTitle "EXT 2022"]
[Source "ChessBase"]
[SourceDate "2021.10.06"]
[SourceVersion "1"]
[SourceVersionDate "2021.10.06"]
[SourceQuality "1"]

1. d4 d5 2. c4 e6 3. Nf3 Nf6 4. g3 Be7 5. Bg2 O-O 6. O-O Nbd7 7. Qc2 c6 8. Nbd2 Re8 9. b3 b6 10. e4 dxe4 11. Nxe4 Nxe4 12. Qxe4 Bb7 13. Bf4 Nf6 14. Qe2 c5 15. Rad1 cxd4 16. Nxd4 Bxg2 17. Kxg2 Qc8 18. Qf3 Qc5 19. Nc6 Bf8 20. a4 Rec8 21. Ne5 a6 22. Nd7 Nxd7 23. Rxd7 b5 24. Bc7 f6 25. cxb5 axb5 26. a5 Re8 27. Rfd1 Rac8 28. Qb7 Qc2 29. a6 Qxb3 30. a7 Qb2 31. R1d2 Qa1 32. Bb8 Rc1 33. a8=Q Rg1+ 34. Kf3 Qf1 35. Rd1 Qg2+ 36. Ke2 1-0

[Event "Pere Noel"]
[Site "Montreal CAN"]
[Date "2007.12.26"]
[Round "1"]
[White "Noriega, Harold"]
[Black "Hajiyev, Elshad"]
[Result "1-0"]
[WhiteElo "1819"]
[BlackElo "2162"]
[PlyCount "89"]
[GameId "2160767910557678"]
[EventDate "2007.12.27"]
[EventType "swiss"]
[EventRounds "5"]
[EventCountry "CAN"]
[SourceTitle "EXT 2022"]
[Source "ChessBase"]
[SourceDate "2021.10.06"]
[SourceVersion "1"]
[SourceVersionDate "2021.10.06"]
[SourceQuality "1"]

1. e4 c5 2. Nf3 Nc6 3. d4 cxd4 4. Nxd4 Nf6 5. Nc3 e5 6. Ndb5 d6 7. Bg5 a6 8. Na3 Be6 9. Be2 Rc8 10. O-O Nd4 11. Nd5 Bxd5 12. exd5 Be7 13. Bxf6 Bxf6 14. Bg4 Rc5 15. c3 Nb5 16. Nxb5 Rxb5 17. b4 Rb6 18. a4 a5 19. b5 h5 20. Be2 e4 21. Qc2 Qe7 22. Rae1 O-O 23. c4 Be5 24. f4 Bd4+ 25. Kh1 f5 26. Qd2 Qf6 27. Qxa5 g5 28. Rd1 gxf4 29. Qd2 Be5 30. a5 Bc3 31. Qxf4 Bxa5 32. Bxh5 Kg7 33. Ra1 Bb4 34. Rab1 Bc5 35. g4 Qh4 36. Rb2 Kh7 37. Rg2 Bd4 38. Qd2 Bc5 39. Qe2 Kh6 40. gxf5 Rf6 41. Bg6 Kg7 42. Rg4 Qh3 43. Rxe4 Kh6 44. Re7 Kg5 45. Rh7 1-0

[Event "Pere Noel"]
[Site "Montreal CAN"]
[Date "2007.12.26"]
[Round "1"]
[White "Voskanyan, Vahagn"]
[Black "Girouard, Michel"]
[Result "1-0"]
[WhiteElo "2211"]
[BlackElo "1873"]
[PlyCount "111"]
[GameId "2160767910557679"]
[EventDate "2007.12.27"]
[EventType "swiss"]
[EventRounds "5"]
[EventCountry "CAN"]
[SourceTitle "EXT 2022"]
[Source "ChessBase"]
[SourceDate "2021.10.06"]
[SourceVersion "1"]
[SourceVersionDate "2021.10.06"]
[SourceQuality "1"]

1. e4 c5 2. Nf3 g6 3. Bc4 Bg7 4. O-O Nc6 5. c3 e6 6. Re1 Nge7 7. d4 cxd4 8. cxd4 d5 9. Bb3 dxe4 10. Rxe4 O-O 11. Nc3 Nd5 12. Bg5 Qa5 13. Qd2 Bd7 14. Bh6 Nxc3 15. bxc3 Ne7 16. Ne5 Bc6 17. Bxg7 Kxg7 18. Rh4 h5 19. Rh3 Rh8 20. Qf4 Nf5 21. Bc2 Rac8 22. Bxf5 exf5 23. Rg3 Rhd8 24. Qxf5 Be8 25. Qg5 b5 26. h4 Qb6 27. Rd1 a6 28. Qe3 Qf6 29. Qe4 Qe7 30. Re1 Qd6 31. Qb1 Bd7 32. Ree3 Rc7 33. Ref3 Be8 34. Qe1 Rdc8 35. Qb1 Bc6 36. Rf4 Bd5 37. Qb2 Kh7 38. a3 Bc4 39. Qb4 Qe6 40. Re3 Qd5 41. Ref3 f5 42. Rg3 Rg7 43. Re3 Ra8 44. Nf3 Qd7 45. Ng5+ Kh6 46. Re5 a5 47. Qc5 Rc8 48. Qb6 Qc7 49. Qf6 Qd8 50. Rfxf5 Qxf6 51. Rxf6 Bd3 52. Rc5 Rgc7 53. Rxc7 Rxc7 54. Rf7 Rxf7 55. Nxf7+ Kg7 56. Ne5 1-0

[Event "Pere Noel"]
[Site "Montreal CAN"]
[Date "2007.12.27"]
[Round "1"]
[White "Dominique, Vladimir"]
[Black "Masse, Hugues"]
[Result "1/2-1/2"]
[WhiteElo "1885"]
[BlackElo "2236"]
[PlyCount "48"]
[GameId "2160767910557680"]
[EventDate "2007.12.27"]
[EventType "swiss"]
[EventRounds "5"]
[EventCountry "CAN"]
[SourceTitle "EXT 2022"]
[Source "ChessBase"]
[SourceDate "2021.10.06"]
[SourceVersion "1"]
[SourceVersionDate "2021.10.06"]
[SourceQuality "1"]

1. e4 e5 2. Nf3 Nc6 3. Nc3 Nf6 4. Bb5 a6 5. Ba4 Be7 6. d3 b5 7. Bb3 d6 8. a4 Rb8 9. h3 O-O 10. Be3 Na5 11. Ba2 c5 12. axb5 axb5 13. O-O b4 14. Nd5 Nxd5 15. Bxd5 Bb7 16. Bxb7 Rxb7 17. c3 Qc7 18. Qa4 Nc6 19. d4 bxc3 20. bxc3 exd4 21. cxd4 cxd4 22. Nxd4 Nxd4 23. Bxd4 Rc8 24. Qa6 h6 1/2-1/2

[Event "Pere Noel"]
[Site "Montreal CAN"]
[Date "2007.12.27"]
[Round "1"]
[White "Vassileva, Svetla"]
[Black "Robichaud, Louis"]
[Result "0-1"]
[WhiteElo "1755"]
[BlackElo "2098"]
[PlyCount "74"]
[GameId "2160767910557681"]
[EventDate "2007.12.27"]
[EventType "swiss"]
[EventRounds "5"]
[EventCountry "CAN"]
[SourceTitle "EXT 2022"]
[Source "ChessBase"]
[SourceDate "2021.10.06"]
[SourceVersion "1"]
[SourceVersionDate "2021.10.06"]
[SourceQuality "1"]

1. e4 e5 2. Nf3 Nc6 3. Bc4 Bc5 4. c3 Nf6 5. d4 exd4 6. cxd4 Bb4+ 7. Bd2 Bxd2+ 8. Nbxd2 d5 9. exd5 Nxd5 10. Qb3 Na5 11. Qa4+ Nc6 12. Qb3 Nce7 13. O-O O-O 14. Rfe1 c6 15. Ne5 Qb6 16. Qxb6 axb6 17. Ne4 Rd8 18. Re2 f6 19. Nf3 Kf8 20. Rae1 Bg4 21. Ned2 b5 22. Bb3 Rd7 23. h3 Bh5 24. g3 Bf7 25. Ne4 b6 26. a3 Nc3 27. Bxf7 Nxe2+ 28. Rxe2 Kxf7 29. g4 Ra4 30. Rd2 b4 31. axb4 Rxb4 32. Kg2 Ra7 33. Re2 Ra2 34. g5 Rbxb2 35. Nd6+ Kf8 36. Re6 Rxf2+ 37. Kg3 Rfe2 0-1

[Event "Pere Noel"]
[Site "Montreal CAN"]
[Date "2007.12.27"]
[Round "2"]
[White "Forget, Luc"]
[Black "Fragniere, Thierry"]
[Result "1-0"]
[WhiteElo "1976"]
[BlackElo "2121"]
[PlyCount "57"]
[GameId "2160767910557682"]
[EventDate "2007.12.27"]
[EventType "swiss"]
[EventRounds "5"]
[EventCountry "CAN"]
[SourceTitle "EXT 2022"]
[Source "ChessBase"]
[SourceDate "2021.10.06"]
[SourceVersion "1"]
[SourceVersionDate "2021.10.06"]
[SourceQuality "1"]

1. d4 Nf6 2. c4 e5 3. dxe5 Ng4 4. Nf3 Bc5 5. e3 Nc6 6. Nc3 Bb4 7. a3 Bxc3+ 8. bxc3 O-O 9. Be2 Re8 10. O-O Ngxe5 11. Nxe5 Nxe5 12. f4 Ng6 13. c5 b6 14. Qd4 Bb7 15. Bf3 Bxf3 16. Rxf3 bxc5 17. Qxc5 d6 18. Qd4 Qe7 19. Rb1 Qe4 20. Rb4 Qc2 21. Qd2 Qxd2 22. Bxd2 d5 23. c4 c5 24. Rb5 dxc4 25. Rxc5 Rac8 26. Rxc8 Rxc8 27. Bc3 f5 28. Rf1 Kf7 29. Kf2 1-0

[Event "Pere Noel"]
[Site "Montreal CAN"]
[Date "2007.12.27"]
[Round "2"]
[White "Leutschaft, Martin"]
[Black "Arsenault, Nicolas"]
[Result "1/2-1/2"]
[WhiteElo "2037"]
[BlackElo "2172"]
[PlyCount "92"]
[GameId "2160767910557684"]
[EventDate "2007.12.27"]
[EventType "swiss"]
[EventRounds "5"]
[EventCountry "CAN"]
[SourceTitle "EXT 2022"]
[Source "ChessBase"]
[SourceDate "2021.10.06"]
[SourceVersion "1"]
[SourceVersionDate "2021.10.06"]
[SourceQuality "1"]

1. d4 Nf6 2. Nf3 e6 3. e3 c5 4. c4 cxd4 5. exd4 Be7 6. Nc3 O-O 7. Bd3 d5 8. O-O Nc6 9. a3 b6 10. Bg5 Bb7 11. Rc1 Rc8 12. Bxf6 Bxf6 13. cxd5 exd5 14. Qa4 a6 15. Bf5 Rc7 16. Rcd1 b5 17. Qc2 g6 18. Bh3 Re8 19. b4 Bg7 20. Qb3 Nb8 21. a4 bxa4 22. Nxa4 Bc6 23. Rfe1 Rce7 24. Rxe7 Rxe7 25. g3 Bb5 26. Bf1 Bxf1 27. Kxf1 Qd6 28. Rc1 h6 29. Rc5 Rb7 30. Nc3 Nc6 31. Qxd5 Qxd5 32. Nxd5 Nxd4 33. Nxd4 Bxd4 34. Ra5 Rd7 35. Ke2 Kg7 36. g4 Rd8 37. Kf3 Rd7 38. Ke4 Bxf2 39. Rxa6 Rd8 40. b5 Re8+ 41. Kf3 Bg1 42. h3 Re1 43. b6 Rb1 44. Ke4 Rb2 45. Kd3 Rb5 46. Ke4 Rb2 1/2-1/2

[Event "Pere Noel"]
[Site "Montreal CAN"]
[Date "2007.12.27"]
[Round "2"]
[White "Luksza, Arkadiusz"]
[Black "Leveille, Francois"]
[Result "0-1"]
[WhiteElo "2100"]
[BlackElo "2322"]
[PlyCount "100"]
[GameId "2160767910557685"]
[EventDate "2007.12.27"]
[EventType "swiss"]
[EventRounds "5"]
[EventCountry "CAN"]
[SourceTitle "EXT 2022"]
[Source "ChessBase"]
[SourceDate "2021.10.06"]
[SourceVersion "1"]
[SourceVersionDate "2021.10.06"]
[SourceQuality "1"]

1. Nf3 d5 2. c4 e6 3. g3 Nf6 4. Bg2 Be7 5. O-O O-O 6. Qc2 c5 7. cxd5 exd5 8. d4 Na6 9. a3 b6 10. Rd1 Bb7 11. Nc3 Qc8 12. Bf4 h6 13. Rac1 Qe6 14. dxc5 bxc5 15. Qb3 Qb6 16. Qxb6 axb6 17. Ne5 g5 18. Bd2 Nc7 19. h4 gxh4 20. Bxh6 hxg3 21. Bxf8 Bxf8 22. Rd3 gxf2+ 23. Kxf2 Bd6 24. Nc4 Bf4 25. Rcd1 Ra6 26. e3 Bh2 27. Rh1 b5 28. Rxh2 bxc4 29. Rd1 Ng4+ 30. Kg1 Nxh2 31. Kxh2 Rh6+ 32. Kg1 Rh5 33. a4 Rg5 34. Kf2 Kf8 35. a5 Ke7 36. Na4 Na6 37. Bf3 Ke6 38. Rh1 Bc6 39. Nb6 Nb4 40. Rh6+ Rg6 41. Rh5 f5 42. Ke2 Bb5 43. Kd2 Rg3 44. Bh1 d4 45. exd4 cxd4 46. a6 c3+ 47. bxc3 dxc3+ 48. Ke1 Rg1+ 49. Kf2 Rf1+ 50. Kg3 c2 0-1

[Event "Pere Noel"]
[Site "Montreal CAN"]
[Date "2007.12.27"]
[Round "2"]
[White "Robichaud, Louis"]
[Black "Voskanyan, Vahagn"]
[Result "0-1"]
[WhiteElo "2093"]
[BlackElo "2211"]
[PlyCount "88"]
[GameId "2160767910557687"]
[EventDate "2007.12.27"]
[EventType "swiss"]
[EventRounds "5"]
[EventCountry "CAN"]
[SourceTitle "EXT 2022"]
[Source "ChessBase"]
[SourceDate "2021.10.06"]
[SourceVersion "1"]
[SourceVersionDate "2021.10.06"]
[SourceQuality "1"]

1. e4 c6 2. d3 d5 3. Nd2 Nd7 4. Ngf3 e5 5. g3 Ngf6 6. Bg2 dxe4 7. dxe4 Qc7 8. O-O Bc5 9. b3 O-O 10. Bb2 Re8 11. a3 a5 12. Qe2 b5 13. c4 Rb8 14. cxb5 cxb5 15. h3 Qb6 16. Rfd1 Ba6 17. Nh4 Bd4 18. Bxd4 exd4 19. f4 Bb7 20. Re1 Nc5 21. e5 g6 22. Bxb7 Qxb7 23. b4 axb4 24. axb4 Na4 25. Qf2 Nd5 26. Qxd4 Ndc3 27. Ne4 Nxe4 28. Qxe4 Qd7 29. Rad1 Qxh3 30. Qg2 Qe6 31. Nf3 Rbd8 32. Ng5 Qb6+ 33. Kh2 Nc3 34. Rc1 Rd3 35. Ne4 Nxe4 36. Rxe4 Red8 37. Rc5 Qa6 38. Rc2 Qe6 39. Ree2 Qg4 40. Rcd2 h5 41. Rxd3 Rxd3 42. Rd2 Rb3 43. Qf2 h4 44. gxh4 Rh3# 0-1